| 000 | 00939nas a2200301 4500 | ||
|---|---|---|---|
| 001 | BR2010000638 | ||
| 003 | BR-BrBNA | ||
| 005 | 20231205113909.0 | ||
| 007 | ta | ||
| 008 | 230509b bl.|||p| |||| 00| 00por d | ||
| 040 |
_aBR-BrBNA _bpor _cBiblioteca Nacional de Agricultura |
||
| 041 | _a(Pt) | ||
| 072 | _aQ03 | ||
| 100 | 1 | _aCarvalho, F.C.T. de | |
| 100 | 1 | _aBarreto, N.S.E. | |
| 100 | 1 | _aReis, C.M.F. dos | |
| 100 | 1 | _aHofer, E. | |
| 100 | 1 | _aVieira, R.H.S. dos F. | |
| 245 | 1 | _aSusceptibilidade antimicrobiana de Salmonella spp. isoladas de fazendas de carciniculturas no estado do Ceará | |
| 650 | _aCAMARÃO | ||
| 650 | _aSALMONELLA | ||
| 650 | _aCARCINICULTURA | ||
| 650 | _aANÁLISE MICROBIOLÓGICA | ||
| 650 | _aCEARA | ||
| 773 | 0 |
_tRevista Ciência Agronômica (Brazil) _xISSN 0045-6888 _g(Oct-Dec 2009), v. 40(4) p. 549-556 _wBR2010000638 |
|
| 909 |
_a202311 _bLúcia _c55 _dLúcia Elande |
||
| 942 |
_2AGRIS _n0 _cANA |
||
| 999 |
_c206172 _d206172 |
||